000 00639nam a2200229Ia 4500
003 OSt
005 20220918230029.0
006 a|||||r|||| 00| 0
007 ta
008 220917b |||||||| |||| 00| 0 eng d
024 _a247,839
037 _cTextual
040 _aARTS
_cARTS
_beng
041 _2eng
_aeng
082 _aO15,2D40:g, 152M1.2
100 _aSharma Devidatt
_9151735
245 0 _aKalidasa ki kala aur samskrti
260 _aNew Delhi
_bDevavani Parishad India
_c1981
650 _aSANSKRIT LITERATURE
942 _hO15,2D40:g, 152M1.2
_cTEXL
_2CC
999 _c286822
_d286822